000 00325nam a2200133Ia 4500
008 190216s9999||||xx |||||||||||||| ||und||
100 _aPowell.P
245 0 _aPrinciples Of Organometallic Chemistry
250 _a2nd Ed.
260 _b"Chapman And Hall, London"
_c1988
300 _a414p
650 _aChemistry
942 _cBK
999 _c2625
_d2625